00594 a2200193 4500010001400000020002300014035001300037037001600050082001400066100002200080245011100102250001300213260003700226270004800263300002700311500002000338700002100358700002100379 aENG-88658 c775.00a8171771610 aEN-72191 bDBAD / PUB14a346.54018 aSengupta, Ajit K.1 aB. B. Mitra guardians & wards act/cby Ajit K. Sengupta; assisted by Tapati Sengupta [and] Amgana Sengupta a15th ed. aKolkatabEastern Law Housec2007 a54, Ganesh Chunder AvenuebKolkatae700 013 a70 + 578 p.c25cm (Hb) aIncludes Index1 aSengupta, Tapati1 aSengupta, Amgana